Agreement between the landlord and the agent setting out the terms of appointment for the management of property (Record no. 90422)

MARC details
000 -LEADER
fixed length control field 01199cam a2200277 4500
001 - CONTROL NUMBER
control field ##M2185
008 - FIXED-LENGTH DATA ELEMENTS--GENERAL INFORMATION
fixed length control field 090401t1996 xxu||||| |||| 00| 0 eng d
035 ## - SYSTEM CONTROL NUMBER
System control number (Sirsi) u37027
041 0# - LANGUAGE CODE
Language code of text/sound track or separate title eng
050 04 - LIBRARY OF CONGRESS CALL NUMBER
Classification number 331.2 $2 18
090 ## - LOCALLY ASSIGNED LC-TYPE CALL NUMBER (OCLC); LOCAL CALL NUMBER (RLIN)
Classification number (OCLC) (R) ; Classification number, CALL (RLIN) (NR) RICS 1996/73ABCD
110 2# - MAIN ENTRY--CORPORATE NAME
Corporate name or jurisdiction name as entry element Royal Institution of Chartered Surveyors
9 (RLIN) 4900
245 00 - TITLE STATEMENT
Title Agreement between the landlord and the agent setting out the terms of appointment for the management of property
260 ## - PUBLICATION, DISTRIBUTION, ETC.
Place of publication, distribution, etc. London
Name of publisher, distributor, etc. RICS
Date of publication, distribution, etc. 1996
300 ## - PHYSICAL DESCRIPTION
Extent 11p.
Dimensions 30cm.
350 ## - PRICE (NR) (BK AM CF MU VM SE) [OBSOLETE]
Price 6.99
490 #0 - SERIES STATEMENT
Series statement RICS Guidance Note
490 #0 - SERIES STATEMENT
Series statement RICS Stationery
520 ## - SUMMARY, ETC.
Summary, etc. Includes detailed explanations of the terms of engagement including the service to be provided by the agent; what the agent is authorized to do; communication; undertakings by the client; the remuneration liability of the agent; and arbitration.
520 ## - SUMMARY, ETC.
Summary, etc. ARCHIVED Current edition of form of agreement available as part of ISurv subscription or can be purchased as a one off purchase from RICS Online shop 0247 686 8502 http://www.rics.org/uk/shop/
651 #4 - SUBJECT ADDED ENTRY--GEOGRAPHIC NAME
Geographic name England and Wales
Chronological subdivision 1543-
690 ## - LOCAL SUBJECT ADDED ENTRY--TOPICAL TERM (OCLC, RLIN)
Topical term or geographic name as entry element Block management
9 (RLIN) 6220
942 ## - ADDED ENTRY ELEMENTS (KOHA)
Suppress in OPAC 0
948 ## - LOCAL PROCESSING INFORMATION (OCLC); SERIES PART DESIGNATOR (RLIN)
c (OCLC) 04/03/1997
Holdings
Withdrawn status Lost status Source of classification or shelving scheme Damaged status Not for loan Home library Current library Shelving location Date acquired Cost, normal purchase price Total Checkouts Full call number Barcode Date last seen Copy number Cost, replacement price Price effective from Koha item type Date last checked out
    Dewey Decimal Classification     London London RICS Boxes 19/09/1996 6.99   RICS 1996/73 30051650 06/08/2019 1 6.99 06/08/2019 Archive  
    Dewey Decimal Classification     London London RICS Boxes 19/09/1996 6.99   RICS 1996/73 30051651 06/08/2019 2 6.99 06/08/2019 Reference material  
    Dewey Decimal Classification     London London RICS Boxes 19/09/1996 6.99 21 RICS 1996/73 30051653 06/08/2019 3 6.99 06/08/2019 Book 25/01/2010